World Cities by Letter N - Picture Quiz - Statistics

General Stats
  • This quiz has been taken 142 times
  • The average score is 6 of 18
Answer Stats
Picture Answer % Correct
New York City
99%
Nuremberg
76%
Nagoya
63%
New Orleans
53%
Nuuk
42%
Nairobi
37%
Naples
36%
Nice
35%
Newcastle
30%
Nanking
26%
Novosibirsk
19%
Nashville
17%
Nizhny Novgorod
13%
Novi Sad
13%
Nagasaki
12%
Nassau
11%
N'Djamena
6%
Nouméa
2%
No matching quizzes found
Score Distribution
Percent of People with Each Score
Percentile by Number Answered
Your Score History
You have not taken this quiz